000 00600nam a2200193Ia 4500
003 GCL
008 140319s9999 xx 000 0 ara d
040 _aGCL /
_cGCL
082 0 4 _a910
_bا ج
100 1 _aاحمد على اسماعيل
245 1 0 _aالجغرافيا العامة: موضوعات مختارة /
_cاحمد على اسماعيل
300 _a234 ص
490 _aالهيئة العامة للاستعلامات
_v0
650 0 4 _aالجغرافيا الطبيعية
650 0 4 _aالجغرافيا
650 0 4 _aالسكان
650 0 4 _aالخرائط
942 _2ddc
_cBK
999 _c49375
_d49375